000 00187 a2200097 4500
020 _a9780618162093
041 _aeng
100 _aHoughton Mifflin
245 _aPhonics Library
942 _cBK
999 _c9610
_d9610